| 000 | 00505nam a2200157 i 4500 | ||
|---|---|---|---|
| 001 | 60050 | ||
| 003 | ES-MaACL | ||
| 007 | t| | ||
| 008 | 031103s1905 fr ||||1| fre d | ||
| 100 | 1 |
_aEscard, Jean. _947505 |
|
| 245 | 1 | 4 |
_aLes fours électriques et leurs applications industrielles / _cpar Jean Escard ; préface de Henri Moissan. |
| 260 |
_aParís : _b[s.n., _c1905] ( _eTours : _fDeslis Frères) |
||
| 300 |
_aXIV, 336 p. ; _c25 cm. |
||
| 700 | 1 |
_aMoissan, Henri. _981817 |
|
| 852 |
_aES-MaACL _jB-1528 |
||
| 999 |
_c60050 _d60050 |
||